La plus grande ville de ... n°2 - Statistiques

Statistiques générales
  • Ce quiz a été pris 192 fois
  • Le résultat moyen est 13 sur 18
Statistiques - réponses
Plus grand en ... Ville % Correct
États Unis New York
99%
France Paris
99%
Grande Bretagne Londres
98%
Germanophone Berlin
95%
Péninsule coréenne Seoul
90%
L'île de Corse Ajaccio
89%
Péninsule Ibérique Madrid
84%
Scandinavie Stockholm
83%
Hispanophone Mexico
81%
Portugais parlant São Paulo
78%
Hawaii Honolulu
70%
Péninsule arabique Riyad
66%
Wu parlant Shanghai
52%
Toucher la mer Noire Istanbul
51%
L'île d'Hispaniola Saint-Domingue
44%
L'île de Luçon Manille
39%
L'île d'Hokkaido Sapporo
38%
La péninsule du Yucatan Mérida
14%
Aucun quiz correspondant
Distribution des résultats
% des personnes avec chaque résultat
Percentile par nombre de réponses
Votre historique - résultats
Vous n’avez pas pris ce quiz